London Skyscrapers by Picture - Statistics

General Stats
  • This quiz has been taken 303 times
  • The average score is 5 of 20
Answer Stats
Picture Answer % Correct
The Shard
99%
30 St Mary Axe
75%
BT Tower
70%
20 Fenchurch Street
62%
Leadenhall Building
43%
One Canada Square
28%
Centre Point
18%
The Scalpel
18%
22 Bishopsgate
17%
Tower 42
17%
Heron Tower
15%
One Blackfriars
15%
Strata SE1
12%
Millbank Tower
9%
Broadgate Tower
6%
One Park Drive
6%
St Helen's
6%
Willis Building
6%
100 Bishopsgate
5%
Stock Exchange Tower
2%
No matching quizzes found
Score Distribution
Percent of People with Each Score
Percentile by Number Answered
Your Score History
You have not taken this quiz